| 000 | 00575cam a2200193 4500500 | ||
|---|---|---|---|
| 005 | 20260329003104.0 | ||
| 041 | _afre | ||
| 042 | _adc | ||
| 100 | 1 | 0 |
_aFrieyro, Martin _eauthor |
| 245 | 0 | 0 | _aBeatboxing. Beaucoup de bruit pour rien ? |
| 260 | _c2014. | ||
| 500 | _a2 | ||
| 690 | _aBeatboxing | ||
| 690 | _aDiderot | ||
| 690 | _aMusique | ||
| 690 | _aRaphaël Enthoven | ||
| 786 | 0 | _nPhilosophie magazine | 82 | 9 | 2014-09-01 | p. 6-6 | 1951-1787 | |
| 856 | 4 | 1 | _uhttps://shs.cairn.info/magazine-philosophie-magazine-2014-9-page-6?lang=fr&redirect-ssocas=7080 |
| 999 |
_c1821343 _d1821343 |
||